Normal view
MARC view
- SUPERVISOR AHMED SOHAIL KHAN
Entry Personal Name
001 - CONTROL NUMBER
- control field: 72046
003 - CONTROL NUMBER IDENTIFIER
- control field: NUST
005 - DATE AND TIME OF LATEST TRANSACTION
- control field: 20210628204732.0
008 - FIXED-LENGTH DATA ELEMENTS
- fixed length control field: 210628|| aca||aabn | a|a d
040 ## - CATALOGING SOURCE
- Original cataloging agency: NUST
- Transcribing agency: NUST
100 ## - HEADING--PERSONAL NAME
- Personal name: SUPERVISOR AHMED SOHAIL KHAN
670 ## - SOURCE DATA FOUND
- Source citation: Work cat.: (NUST): BILAL, USAMA, WAQAS, 72045, PR-SOF-1273-IMPROVEMENT OF THERMAL EFFICIENCY OF DOMESTIC GAS WATER HEATER, 2013
